[Event "Avoine op 29th"]
[Site "Avoine"]
[Date "2014.07.23"]
[Round "5"]
[White "Gerard, Nicolas"]
[Black "Nord, Antoine"]
[Result "1-0"]
[WhiteElo "2251"]
[BlackElo "2007"]
[PlyCount "95"]
[EventDate "2014.07.19"]
[EventType "swiss"]
[EventRounds "9"]
[EventCountry "FRA"]
[SourceTitle "CBM 161 Extra"]
[Source "ChessBase"]
[SourceDate "2014.08.29"]
[SourceVersion "1"]
[SourceVersionDate "2014.08.29"]
[SourceQuality "1"]

1. d4 c6 2. c4 d5 3. Nf3 Nf6 4. e3 a6 5. Bd3 b5 6. b3 Bg4 7. Nbd2 e6 8. Qc2 Nbd7 9. 0-0 Bd6 10. Bb2 Qb8 11. a4 b4 12. cxd5 cxd5 13. Ne5 Ra7 14. Nc6 Bxh2+ 15. Kh1 Rc7 16. Nxb8 Rxc2 17. Bxc2 Bxb8 18. a5 Be2 19. Rfe1 Bb5 20. Nf3 Ke7 21. Kg1 Rc8 22. Rec1 h6 23. Ne1 Bd6 24. Bd3 Rb8 25. f3 Bxd3 26. Nxd3 Rb5 27. Rc2 Nb8 28. Bc1 Kd7 29. Bd2 Nc6 30. Ra4 Nxa5 31. Bxb4 Bxb4 32. Nxb4 Nxb3 33. Nxa6 Rb7 34. Rb2 Ke8 35. Nb4 Nc1 36. Rc2 Nb3 37. Ra8+ Kd7 38. Nd3 Ke7 39. Rb2 Nd7 40. Rc2 f6 41. Rb2 e5 42. Ra3 e4 43. Nf4 Ndc5 44. Nxd5+ Ke6 45. Nf4+ Ke7 46. Rc2 Ne6 47. Nxe6 Kxe6 48. fxe4 1-0

[Event "Avoine op 29th"]
[Site "Avoine"]
[Date "2014.07.19"]
[Round "1"]
[White "Delorme, Alban"]
[Black "Nord, Antoine"]
[Result "1/2-1/2"]
[WhiteElo "2292"]
[BlackElo "2007"]
[PlyCount "115"]
[EventDate "2014.07.19"]
[EventType "swiss"]
[EventRounds "9"]
[EventCountry "FRA"]
[SourceTitle "CBM 161 Extra"]
[Source "ChessBase"]
[SourceDate "2014.08.29"]
[SourceVersion "1"]
[SourceVersionDate "2014.08.29"]
[SourceQuality "1"]

1. e4 c6 2. d4 d5 3. Nc3 dxe4 4. Nxe4 Bf5 5. Ng3 Bg6 6. f4 e6 7. Nf3 Nf6 8. Bd3 Be7 9. 0-0 0-0 10. f5 exf5 11. Nxf5 Bxf5 12. Bxf5 c5 13. Be3 cxd4 14. Nxd4 Bc5 15. Bf2 g6 16. Bg4 Ne4 17. Be3 Nc6 18. c3 Qb6 19. Qd3 Rfe8 20. Bd7 Ne5 21. Qxe4 Nxd7 22. Qf4 Qf6 23. Rad1 Qxf4 24. Bxf4 Re4 25. Bg3 f5 26. Bf2 Nf6 27. b4 Be7 28. Nb5 b6 29. a4 Kf7 30. Bd4 a5 31. Bxf6 Kxf6 32. Nc7 Rc8 33. Nd5+ Ke6 34. Nxb6 Rxc3 35. bxa5 Bc5+ 36. Kh1 Rb3 37. Rb1 Reb4 38. Rfe1+ Kf7 39. Rxb3 Rxb3 40. Nc4 Rc3 41. Ne5+ Kf6 42. g4 fxg4 43. Nd7+ Kf7 44. a6 Ba7 45. Ne5+ Kf8 46. Rd1 Ke8 47. Kg2 Rc5 48. Nxg4 Rc6 49. Re1+ Kd8 50. Re4 Rxa6 51. Ne5 Bb8 52. Nd3 Bd6 53. Re6 Kc7 54. Re4 Rc6 55. h4 Rc3 56. Nf4 Bxf4 57. Rxf4 Ra3 58. Rf7+ 1/2-1/2

[Event "FRA-chT1 1011"]
[Site "France"]
[Date "2010.11.14"]
[Round "3.6"]
[White "Meley, Hector"]
[Black "Nord, Antoine"]
[Result "1-0"]
[WhiteElo "1965"]
[BlackElo "1972"]
[PlyCount "131"]
[EventDate "2010.10.17"]
[EventType "team-tourn"]
[EventRounds "11"]
[EventCountry "FRA"]
[SourceTitle "EXT 2012"]
[Source "ChessBase"]
[SourceDate "2011.11.24"]
[SourceVersion "1"]
[SourceVersionDate "2011.11.24"]
[SourceQuality "1"]

1. d4 d5 2. c4 c6 3. Nc3 Nf6 4. cxd5 cxd5 5. Bf4 a6 6. e3 Nc6 7. Bd3 Bg4 8. Nge2 e6 9. 0-0 Bh5 10. Rc1 Bg6 11. Na4 Bd6 12. Nc5 Bxc5 13. Rxc5 Nh5 14. Qb3 Bxd3 15. Qxd3 Nxf4 16. Nxf4 0-0 17. Rfc1 Qd7 18. Qb3 Rfc8 19. Nd3 Rab8 20. g3 b6 21. R5c3 Qb7 22. Qc2 Ne7 23. Rc7 Qa8 24. Qa4 Re8 25. Ne5 Rbc8 26. Qb4 b5 27. R1c3 Rxc7 28. Rxc7 Ng6 29. Nxf7 Rf8 30. Ne5 Nxe5 31. dxe5 Qd8 32. Qe7 Qxe7 33. Rxe7 Rc8 34. Rxe6 Rc2 35. Rxa6 Rxb2 36. Ra7 Kf8 37. Kg2 h5 38. h3 Rd2 39. Kf3 Rb2 40. g4 h4 41. a3 Ra2 42. Rb7 Rxa3 43. Rxb5 d4 44. Ke4 dxe3 45. fxe3 Ra7 46. Kf5 Kf7 47. e6+ Ke7 48. Rd5 Ra3 49. Rd7+ Ke8 50. Kf4 Ra4+ 51. Kg5 Re4 52. Rxg7 Rxe3 53. Kxh4 Rxe6 54. g5 Kf8 55. Ra7 Kg8 56. Kh5 Rb6 57. h4 Rc6 58. g6 Rb6 59. Kh6 Rb8 60. h5 Rc8 61. Ra5 Rb8 62. Kg5 Rc8 63. h6 Rb8 64. h7+ Kg7 65. Ra7+ Kh8 66. Kh6 1-0

[Event "Agneaux St Lo op"]
[Site "Agneaux"]
[Date "2010.07.08"]
[Round "2"]
[White "Georgescu, Tiberiu Marian"]
[Black "Nord, Antoine"]
[Result "1-0"]
[WhiteElo "2404"]
[BlackElo "1937"]
[PlyCount "99"]
[EventDate "2010.07.07"]
[EventType "swiss"]
[EventRounds "9"]
[EventCountry "FRA"]
[SourceTitle "CBM 137 Extra"]
[Source "ChessBase"]
[SourceDate "2010.09.01"]
[SourceVersion "1"]
[SourceVersionDate "2010.09.01"]
[SourceQuality "1"]

1. d4 c6 2. c4 d5 3. Nf3 Nf6 4. e3 a6 5. Bd3 b5 6. b3 Bg4 7. Nbd2 e6 8. 0-0 Nbd7 9. Bb2 Bd6 10. Qc2 Qc7 11. h3 Bh5 12. Rfc1 Qb7 13. Ne5 Bg6 14. Nxg6 hxg6 15. cxb5 cxb5 16. Qc6 Qxc6 17. Rxc6 Ke7 18. Rac1 Nb8 19. R6c2 Nbd7 20. Nf3 Nb6 21. Rc6 Rhb8 22. R1c2 Nbd7 23. Ne5 Rb6 24. f3 Rxc6 25. Rxc6 Bb4 26. Rc7 Bd6 27. Rc2 Ke8 28. Kf2 Bb4 29. Nc6 Bd6 30. a4 b4 31. a5 Ng8 32. Bc1 Ne7 33. Bd2 Nb8 34. Nxb8 Bxb8 35. Bxb4 Kd7 36. Bd2 Nc6 37. b4 Bd6 38. b5 Nb4 39. Bxb4 Bxb4 40. bxa6 Bxa5 41. Bb5+ Kd8 42. Ra2 Bb6 43. Bc6 Rc8 44. a7 Bxa7 45. Rxa7 Rxc6 46. Rxf7 Rc2+ 47. Kg3 Re2 48. Rxg7 Rxe3 49. Kf4 Re2 50. Rxg6 1-0

[Event "Chamalieres op"]
[Site "Chamalieres"]
[Date "2009.10.28"]
[Round "6"]
[White "Serafimov, Tervel"]
[Black "Nord, Antoine"]
[Result "1-0"]
[WhiteElo "2410"]
[BlackElo "1939"]
[PlyCount "79"]
[EventDate "2009.10.24"]
[EventType "swiss"]
[EventRounds "9"]
[EventCountry "FRA"]
[SourceTitle "EXT 2010"]
[Source "ChessBase"]
[SourceDate "2010.11.25"]
[SourceVersion "1"]
[SourceVersionDate "2010.11.25"]
[SourceQuality "1"]

1. c4 e5 2. Nc3 Nf6 3. g3 Bc5 4. Bg2 Nc6 5. a3 a5 6. e3 0-0 7. Nge2 d6 8. 0-0 Ba7 9. d3 Bd7 10. h3 Qc8 11. Kh2 Ne7 12. e4 Ne8 13. d4 exd4 14. Nxd4 f5 15. exf5 Nxf5 16. Nxf5 Rxf5 17. Nd5 Qd8 18. Ne3 Bxe3 19. Bxe3 Bc6 20. Bxc6 bxc6 21. Bd4 c5 22. Bc3 a4 23. f4 Rf8 24. Qf3 Nf6 25. Rae1 Rb8 26. Re2 Qd7 27. g4 Qf7 28. g5 Nd7 29. f5 Rbe8 30. f6 Rxe2+ 31. Qxe2 Re8 32. Qg2 Ne5 33. fxg7 Qxg7 34. Rf6 Qe7 35. h4 Rf8 36. Qd5+ Kg7 37. Re6 Rf2+ 38. Kg1 Qf7 39. Bxe5+ dxe5 40. Qxe5+ 1-0

[Event "FRA-ch op-B"]
[Site "Nimes"]
[Date "2009.08.12"]
[Round "2"]
[White "Nord, Antoine"]
[Black "Vaillant, Stephane"]
[Result "1-0"]
[WhiteElo "1903"]
[BlackElo "1971"]
[PlyCount "87"]
[EventDate "2009.08.11"]
[EventType "swiss"]
[EventRounds "11"]
[EventCountry "FRA"]
[SourceTitle "EXT 2011"]
[Source "ChessBase"]
[SourceDate "2010.11.26"]
[SourceVersion "1"]
[SourceVersionDate "2010.11.26"]
[SourceQuality "1"]

1. e4 e6 2. d4 d5 3. Nd2 dxe4 4. Nxe4 Nd7 5. Nf3 Ngf6 6. Bd3 Nxe4 7. Bxe4 Nf6 8. Bd3 Be7 9. 0-0 0-0 10. Qe2 c5 11. dxc5 Bxc5 12. Bg5 Be7 13. c3 Qc7 14. Rfd1 Bd7 15. Bxf6 Bxf6 16. Bxh7+ Kxh7 17. Qd3+ Kg8 18. Qxd7 Qb6 19. Qd2 Rfd8 20. Qc2 Rxd1+ 21. Rxd1 Rd8 22. Rxd8+ Qxd8 23. Qd2 Qb6 24. b3 Qa5 25. c4 Qa3 26. g3 b6 27. h4 a5 28. Ng5 Bxg5 29. Qxg5 Qb4 30. Kg2 Qd6 31. Qb5 f5 32. h5 Kh7 33. Qe8 Qe5 34. Qg6+ Kh8 35. h6 Qe4+ 36. Kh2 gxh6 37. Qxh6+ Kg8 38. Qe3 Qc6 39. Qe5 Kf7 40. a3 a4 41. bxa4 Qxc4 42. a5 bxa5 43. Qxa5 f4 44. Qh5+ 1-0

[Event "FRA-ch op-B"]
[Site "Pau"]
[Date "2008.08.21"]
[Round "9"]
[White "Nord, Antoine"]
[Black "Meley, Hector"]
[Result "1-0"]
[WhiteElo "1842"]
[BlackElo "1912"]
[PlyCount "57"]
[EventDate "2008.08.11"]
[EventType "swiss"]
[EventRounds "11"]
[EventCountry "FRA"]
[SourceTitle "CBM 126 Extra"]
[Source "ChessBase"]
[SourceDate "2008.11.05"]
[SourceVersion "1"]
[SourceVersionDate "2008.11.05"]
[SourceQuality "1"]

1. e4 e6 2. d4 d5 3. Nd2 Nf6 4. e5 Nfd7 5. Bd3 c5 6. c3 Nc6 7. Ne2 cxd4 8. cxd4 f6 9. exf6 Nxf6 10. Nf3 Bd6 11. 0-0 0-0 12. Bg5 e5 13. dxe5 Nxe5 14. Nxe5 Bxe5 15. Qc2 Bxh2+ 16. Kh1 Bb8 17. Bxh7+ Kh8 18. Bd3 Be6 19. Nf4 Bxf4 20. Bxf4 Nh5 21. Bh2 Qg5 22. Rae1 Rf6 23. Re5 Qh6 24. Kg1 Nf4 25. Bxf4 Qxf4 26. Rfe1 Rh6 27. Bg6 Rc8 28. Qxc8+ Bg8 29. Qxg8+ 1-0

[Event "Avoine op 23rd"]
[Site "Avoine"]
[Date "2008.07.26"]
[Round "8"]
[White "Nord, Antoine"]
[Black "Primel, Dominique"]
[Result "1/2-1/2"]
[WhiteElo "1813"]
[BlackElo "1989"]
[PlyCount "96"]
[EventDate "2008.07.19"]
[EventType "swiss"]
[EventRounds "9"]
[EventCountry "FRA"]
[SourceTitle "CBM 125 Extra"]
[Source "ChessBase"]
[SourceDate "2008.09.01"]
[SourceVersion "1"]
[SourceVersionDate "2008.09.01"]
[SourceQuality "1"]

1. e4 c5 2. Nf3 e6 3. d4 cxd4 4. Nxd4 a6 5. Nc3 Qc7 6. Bd3 Nf6 7. 0-0 Nc6 8. Nde2 b5 9. a3 Bb7 10. Kh1 Rc8 11. f4 d6 12. Be3 Be7 13. f5 exf5 14. Rxf5 Ne5 15. Bg1 0-0 16. Qe1 Rfe8 17. Ng3 g6 18. Rf4 d5 19. Qf1 Nxe4 20. Ngxe4 dxe4 21. Nxe4 f5 22. Nc3 Nxd3 23. cxd3 Bd6 24. Rf2 Re6 25. Re2 Rce8 26. Rae1 Qd7 27. Rxe6 Rxe6 28. Rxe6 Qxe6 29. Qd1 a5 30. Qd2 b4 31. axb4 axb4 32. Nb5 Bf8 33. Nd4 Qe5 34. Qc2 h5 35. Qe2 Bd6 36. Qxe5 Bxe5 37. b3 Bd5 38. Bf2 Kf7 39. Nc2 Bc3 40. Bc5 Bxb3 41. Nxb4 Ke6 42. Kg1 Ke5 43. Kf2 Bd4+ 44. Bxd4+ Kxd4 45. Nc6+ Kxd3 46. Ne5+ Ke4 47. Nxg6 Bf7 48. Nh4 f4 1/2-1/2

[Event "FRA-ch U16"]
[Site "La Roche sur Yon"]
[Date "2008.04.22"]
[Round "4"]
[White "Nord, Antoine"]
[Black "Buscara, Sevan"]
[Result "0-1"]
[WhiteElo "1821"]
[BlackElo "2146"]
[PlyCount "78"]
[EventDate "2008.04.21"]
[EventType "swiss"]
[EventRounds "9"]
[EventCountry "FRA"]
[SourceTitle "EXT 2010"]
[Source "ChessBase"]
[SourceDate "2010.11.25"]
[SourceVersion "1"]
[SourceVersionDate "2010.11.25"]
[SourceQuality "1"]

1. e4 d5 2. exd5 Qxd5 3. Nc3 Qa5 4. Bc4 Nf6 5. d3 Bg4 6. f3 Bd7 7. Qe2 Nc6 8. Bd2 Nd4 9. Qd1 Qb6 10. Nge2 Nf5 11. Ne4 e6 12. N2g3 Nxe4 13. Nxe4 Be7 14. Bc3 0-0 15. Qe2 a5 16. 0-0-0 Qa7 17. d4 c6 18. Nc5 Bc8 19. g4 Nxd4 20. Bxd4 Bxc5 21. Qe5 Bxd4 22. Rxd4 b5 23. Be2 b4 24. Rhd1 Ba6 25. Rd7 Qb6 26. Bxa6 Qxa6 27. Qc7 a4 28. Rd8 Raxd8 29. Rxd8 Qf1+ 30. Kd2 Qf2+ 31. Kc1 Qe3+ 32. Rd2 c5 33. Qa5 a3 34. bxa3 bxa3 35. Kd1 Qxf3+ 36. Ke1 Qh1+ 37. Kf2 Qxh2+ 38. Kf3 Qh3+ 39. Kf4 e5+ 0-1